| 000 | 00782nam a22002777a 4500 | ||
|---|---|---|---|
| 001 | BR0201131 | ||
| 003 | BR-BrBNA | ||
| 005 | 20230928100958.0 | ||
| 007 | ta | ||
| 008 | 230509b bl.||||| |||| 00| 0 por d | ||
| 040 |
_aBR-BrBNA _bpor _cBiblioteca Nacional de Agricultura |
||
| 041 | _a(Por) | ||
| 072 | _aS40; E14 | ||
| 090 | _ S40 BR0201131 | ||
| 110 | 1 | _aServico Social do Comercio, Sao Paulo, SP (Brasil) | |
| 245 | 1 | _aMesa Sao Paulo: acao contra a fome e o desperdicio, pela qualidade de vida | |
| 260 | 3 |
_aSao Paulo, SP (Brasil): _c1999. |
|
| 300 | _a99 p. | ||
| 500 | _a39 illus. | ||
| 650 | _aPrograma de Nutricao | ||
| 650 | _aNutricao Humana | ||
| 650 | _aSuprimento de Alimento | ||
| 650 | _aFome | ||
| 909 |
_a202309 _bLucia _c55 _dLucia Elande |
||
| 942 | _cBK | ||
| 999 |
_c63691 _d63691 |
||